[Event "Gibraltar Challengers Week 1"]
[Site "Gibraltar"]
[Date "2010.01.27"]
[Round "2.13"]
[White "Cafolla, Peter"]
[Black "Weeramantry, Sunil"]
[Result "1-0"]
[WhiteElo "2042"]
[BlackElo "2201"]
[PlyCount "119"]
[EventDate "2010.01.26"]
[SourceDate "2010.01.26"]

1. d4 g6 2. c4 Nf6 3. Nc3 Bg7 4. e4 d6 5. Be2 O-O 6. Nf3 e5 7. d5 a5 8. Bg5 h6
9. Bh4 Na6 10. Nd2 Bd7 11. O-O Qe8 12. b3 h5 13. Bg5 Nh7 14. Be3 h4 15. a3 f5
16. f3 Qe7 17. Kh1 f4 18. Bf2 h3 19. Rg1 hxg2+ 20. Rxg2 Kf7 21. Rb1 Bf6 22. Bf1
Rh8 23. Bg1 Ng5 24. Rf2 Rh5 25. Qc2 Rah8 26. b4 axb4 27. axb4 Nh7 28. c5 Bh4
29. Rg2 Bh3 30. Nc4 Bxg2+ 31. Bxg2 Bg3 32. cxd6 cxd6 33. Nb5 Bxh2 34. Ncxd6+
Kg7 35. Bxh2 Ng5 36. Qc3 Rxh2+ 37. Kg1 Nf7 38. Nxf7 Kxf7 39. Rb2 Qg5 40. Kf1
Qg3 41. Qxe5 Rh1+ 42. Bxh1 Rxh1+ 43. Ke2 Rh2+ 44. Kd3 Qxf3+ 45. Kc4 Rxb2 46.
Nd6+ Kg8 47. Qxb2 Qf1+ 48. Kb3 Qd3+ 49. Ka4 f3 50. Qf6 Kh7 51. Nf7 Nc5+ 52.
bxc5 Qc4+ 53. Ka3 Qxc5+ 54. Kb2 Qf2+ 55. Kb3 Qe3+ 56. Kb2 Qd2+ 57. Kb3 Qd3+ 58.
Kb2 Qb5+ 59. Kc2 Qe2+ 60. Kb3 1-0

[Event "Gibraltar Challengers Week 1"]
[Site "Gibraltar"]
[Date "2010.01.27"]
[Round "2.14"]
[White "Mascarenhas, Alberto Pinheiro"]
[Black "Pettersen, Joar Gullestad"]
[Result "1/2-1/2"]
[WhiteElo "2238"]
[BlackElo "2020"]
[PlyCount "68"]
[EventDate "2010.01.26"]
[SourceDate "2010.01.26"]

1. Nf3 Nf6 2. d4 g6 3. g3 Bg7 4. Bg2 O-O 5. O-O d5 6. c4 c6 7. b3 Bf5 8. Bb2
Nbd7 9. cxd5 cxd5 10. Nc3 Rc8 11. Nh4 Nb8 12. Nxf5 gxf5 13. Qd3 e6 14. Rfc1 Qd7
15. Na4 b6 16. e3 Rxc1+ 17. Rxc1 Rc8 18. Bf1 Bf8 19. Rxc8 Qxc8 20. f3 Be7 21.
Kf2 Qc6 22. Be2 Ne8 23. Qc3 Nc7 24. a3 Kf8 25. Bd3 Kg7 26. Ke2 Qd7 27. Qc2 Nb5
28. Qc1 Nd6 29. Nc3 Nc6 30. Nb5 Ne8 31. Qc2 Kg8 32. Kf2 Bf6 33. Nc3 Nd6 34. Nb5
Ne8 1/2-1/2

[Event "Gibraltar Challengers Week 1"]
[Site "Gibraltar"]
[Date "2010.01.27"]
[Round "2.15"]
[White "Isherwood, Paul"]
[Black "Urbina Perez, Juan Antonio"]
[Result "0-1"]
[WhiteElo "2017"]
[BlackElo "2197"]
[PlyCount "128"]
[EventDate "2010.01.26"]
[SourceDate "2010.01.26"]

1. d4 d5 2. Nf3 Nf6 3. e3 g6 4. Bd3 Bg7 5. O-O O-O 6. Nbd2 c6 7. e4 dxe4 8.
Nxe4 Nxe4 9. Bxe4 Nd7 10. c3 Qb6 11. Qe2 Re8 12. Bf4 Nf6 13. Bb1 Nd5 14. Be5
Bg4 15. c4 Bxe5 16. dxe5 Nc7 17. Be4 Ne6 18. Qc2 Bxf3 19. Bxf3 Nd4 20. Qc3 c5
21. Rfe1 e6 22. Rab1 a5 23. Re4 Red8 24. h4 Rab8 25. h5 Qb4 26. Qe3 Qd2 27.
hxg6 hxg6 28. Re1 Kg7 29. Rh4 Qxe3 30. fxe3 Nf5 31. Rh2 g5 32. Rh5 Kg6 33. g4
Nh4 34. Be4+ f5 35. exf6+ Kxf6 36. Rf1+ Ke5 37. Bh1 Rg8 38. Rf7 b6 39. Rhh7
Rbd8 40. Rd7 Rxd7 41. Rxd7 Rb8 42. Rh7 Kf6 43. Rb7 Rxb7 44. Bxb7 Ng6 45. Bf3
Ne5 46. Be2 Nc6 47. Kf2 Nb4 48. a3 Nc6 49. Kf3 Ke5 50. Bd3 Ne7 51. Be4 Nc8 52.
Bd3 Nd6 53. b3 Kf6 54. Bc2 a4 55. Bd1 axb3 56. Bxb3 Ke5 57. Ba2 Ne4 58. Kg2 Nc3
59. Bb3 Ke4 60. Kf2 Kd3 61. a4 e5 62. Kf3 e4+ 63. Kf2 Kd2 64. a5 bxa5 0-1

[Event "Gibraltar Challengers Week 1"]
[Site "Gibraltar"]
[Date "2010.01.27"]
[Round "2.16"]
[White "Rioseco Pinochet, Fernan"]
[Black "Stanek, Stanislav"]
[Result "1-0"]
[WhiteElo "2226"]
[BlackElo "2007"]
[PlyCount "59"]
[EventDate "2010.01.26"]
[SourceDate "2010.01.26"]

1. e4 e5 2. f4 exf4 3. Nf3 g5 4. d4 Bg7 5. Bc4 d6 6. O-O Be6 7. Bxe6 fxe6 8. c3
h6 9. Qb3 Qc8 10. h4 Bf6 11. e5 dxe5 12. dxe5 Be7 13. Nbd2 Nc6 14. Ne4 g4 15.
Nh2 h5 16. Bxf4 Nd8 17. Rad1 Nh6 18. Bg5 Nf5 19. Nf6+ Kf7 20. Nd7 Kg7 21. Rxf5
exf5 22. Bxe7 Re8 23. Bf6+ Kg6 24. Bxd8 Qxd8 25. Nf8+ Rxf8 26. Rxd8 Raxd8 27.
Qe6+ Kg7 28. Qe7+ Kh8 29. Qg5 Rd1+ 30. Nf1 1-0

[Event "Gibraltar Challengers Week 1"]
[Site "Gibraltar"]
[Date "2010.01.27"]
[Round "2.17"]
[White "Mlynek, Petr"]
[Black "Loerke, Reinhard"]
[Result "1-0"]
[WhiteElo "2218"]
[BlackElo "1981"]
[PlyCount "67"]
[EventDate "2010.01.26"]
[SourceDate "2010.01.26"]

1. d4 b6 2. c4 Bb7 3. Nc3 e6 4. a3 Nf6 5. d5 d6 6. e4 Be7 7. f4 Nbd7 8. Nf3 O-O
9. Bd3 Re8 10. O-O a5 11. h3 exd5 12. exd5 Nc5 13. Bc2 Ba6 14. b4 axb4 15. axb4
Bxc4 16. Rxa8 Qxa8 17. bxc5 Bxf1 18. Kxf1 dxc5 19. Bb2 Rd8 20. Qd3 g6 21. Bb3
c6 22. Qe2 Re8 23. dxc6 Bd6 24. Ne5 Bxe5 25. fxe5 Nh5 26. Qf3 Qa6+ 27. Kg1 c4
28. Bc2 Rxe5 29. Nd5 c3 30. Bxc3 Re6 31. Nc7 Qe2 32. Nxe6 Qxe6 33. c7 Qc4 34.
Qa8# 1-0

[Event "Gibraltar Challengers Week 1"]
[Site "Gibraltar"]
[Date "2010.01.27"]
[Round "2.18"]
[White "Zanetti, Bruno"]
[Black "Martsynovskaya, Marina"]
[Result "1/2-1/2"]
[WhiteElo "1978"]
[BlackElo "2184"]
[PlyCount "118"]
[EventDate "2010.01.26"]
[SourceDate "2010.01.26"]

1. d4 d5 2. c4 dxc4 3. e3 Nf6 4. Bxc4 e6 5. Nf3 Nbd7 6. O-O c5 7. Nc3 Be7 8. d5
exd5 9. Nxd5 Nxd5 10. Qxd5 O-O 11. Rd1 Qc7 12. Be2 Bf6 13. Nd2 Nb6 14. Qh5 g6
15. Qf3 Bg7 16. Ne4 Be5 17. h4 h5 18. Nf6+ Kg7 19. Nd5 Nxd5 20. Qxd5 Be6 21.
Qd2 c4 22. e4 Rac8 23. Qh6+ Kg8 24. Qg5 Bg7 25. f4 Qc5+ 26. Kf1 Qxg5 27. hxg5
c3 28. e5 cxb2 29. Bxb2 Rc2 30. Bd4 a6 31. a4 Rfc8 32. Bf3 b5 33. Be4 Ra2 34.
Rxa2 Bxa2 35. axb5 axb5 36. Rd2 Bc4+ 37. Bd3 Bf8 38. Ke2 Bd5 39. g3 b4 40. Ke3
Be6 41. Rc2 Rb8 42. Rc6 b3 43. Bb2 Ra8 44. Ra6 Bc5+ 45. Ke2 Rd8 46. Rc6 Bg4+
47. Kd2 Bf2 48. Rd6 Rxd6 49. exd6 Bxg3 50. Ke3 Bd7 51. Bc4 Kf8 52. Bxb3 Bc6 53.
Bd1 Ke8 54. Be5 Be1 55. f5 Kd7 56. Bb3 Bh4 57. Kf4 Be1 58. Ke3 Ke8 59. Bc2 gxf5
1/2-1/2

[Event "Gibraltar Challengers Week 1"]
[Site "Gibraltar"]
[Date "2010.01.27"]
[Round "2.19"]
[White "Kandic, Milan"]
[Black "Mikalsen, Erlend"]
[Result "0-1"]
[WhiteElo "2216"]
[BlackElo "1973"]
[PlyCount "134"]
[EventDate "2010.01.26"]
[SourceDate "2010.01.26"]

1. e4 c5 2. Nf3 d6 3. d4 cxd4 4. Nxd4 Nf6 5. Nc3 g6 6. Be3 Bg7 7. f3 O-O 8. Qd2
Nc6 9. Bc4 Bd7 10. O-O-O Rc8 11. Bb3 Ne5 12. h4 h5 13. g4 hxg4 14. h5 Nxh5 15.
Bh6 e6 16. fxg4 Nxg4 17. Bxg7 Kxg7 18. Rdg1 Ngf6 19. Qg2 Qe7 20. Qg5 Rh8 21. e5
dxe5 22. Qxe5 Qc5 23. Qe3 e5 24. Nce2 exd4 25. Nxd4 a5 26. Rg5 Qc7 27. Rf1 a4
28. Bxa4 Bxa4 29. Rxg6+ fxg6 30. Ne6+ Kh7 31. Nxc7 Rxc7 32. b3 Bc6 33. Qe5 Rf7
34. Kb2 Re8 35. Qh2 Be4 36. Rf2 Bf5 37. Rd2 Rfe7 38. a4 Ng4 39. Qh4 Re2 40. Qg5
Rxd2 41. Qxd2 Ne3 42. Qb4 Nxc2 43. Qxb7+ Kh6 44. a5 Be4 45. Qf7 Ra8 46. Qc4 Nf6
47. a6 Ne3 48. Qe6 Ned5 49. Qd6 Bd3 50. Qh2+ Kg7 51. a7 Rxa7 52. Qb8 Rc7 53.
Qd8 g5 54. Qd6 g4 55. Qg3 Rc3 56. Qe5 Be4 57. Qg5+ Kf7 58. b4 Rc4 59. b5 Rb4+
60. Kc1 Rxb5 61. Kd2 Rb2+ 62. Ke1 Rb3 63. Qe5 g3 64. Qd4 g2 65. Qa7+ Kg6 66.
Kf2 Rf3+ 67. Ke2 Rf1 0-1

[Event "Gibraltar Challengers Week 1"]
[Site "Gibraltar"]
[Date "2010.01.27"]
[Round "2.20"]
[White "Bauer, Peter"]
[Black "Haarr, Jon Kristian"]
[Result "0-1"]
[WhiteElo "1944"]
[BlackElo "2157"]
[PlyCount "66"]
[EventDate "2010.01.26"]
[SourceDate "2010.01.26"]

1. c4 c5 2. Nf3 Nc6 3. d4 cxd4 4. Nxd4 e5 5. Nb5 d6 6. g3 Be6 7. e4 Be7 8. N1c3
a6 9. Na3 Nf6 10. Nc2 O-O 11. Qd3 Rc8 12. b3 b5 13. cxb5 axb5 14. Nd5 Bxd5 15.
exd5 e4 16. Qd1 Ne5 17. Be2 Qd7 18. Ne3 Bd8 19. Bd2 Bb6 20. h3 Rfe8 21. Kf1 Bd4
22. Rb1 Nd3 23. Bg4 Nxg4 24. hxg4 Ra8 25. g5 Rxa2 26. Ng4 Rxd2 27. Nh6+ gxh6
28. Qxd2 Qf5 29. f4 e3 30. Qe2 Nxf4 31. gxf4 Qxb1+ 32. Kg2 Qe4+ 33. Kg1 Qxf4
0-1

[Event "Gibraltar Challengers Week 1"]
[Site "Gibraltar"]
[Date "2010.01.27"]
[Round "2.21"]
[White "Ivanov, Stojan Emilov"]
[Black "Moreno Cervera, Jose Luis"]
[Result "1-0"]
[WhiteElo "2198"]
[BlackElo "1929"]
[PlyCount "57"]
[EventDate "2010.01.26"]
[SourceDate "2010.01.26"]

1. Nf3 d5 2. d4 Nf6 3. c4 c6 4. e3 a6 5. Nc3 b5 6. b3 Bg4 7. h3 Bh5 8. g4 Bg6
9. Ne5 b4 10. Na4 Nfd7 11. Nxg6 hxg6 12. Bb2 e6 13. Qc2 Be7 14. O-O-O Ra7 15.
Kb1 Nb6 16. Nxb6 Qxb6 17. Bd3 a5 18. h4 Rxh4 19. Rxh4 Bxh4 20. Rh1 Be7 21. Rh8+
Bf8 22. e4 Qc7 23. Bc1 a4 24. bxa4 Qa5 25. Bf4 Nd7 26. exd5 cxd5 27. c5 b3 28.
axb3 Qb4 29. c6 1-0

[Event "Gibraltar Challengers Week 1"]
[Site "Gibraltar"]
[Date "2010.01.27"]
[Round "2.22"]
[White "McBeth, Michael J"]
[Black "Vea, Odin Blikra"]
[Result "0-1"]
[WhiteElo "2011"]
[BlackElo "2189"]
[PlyCount "140"]
[EventDate "2010.01.26"]
[SourceDate "2010.01.26"]

1. e4 Nc6 2. d4 e5 3. dxe5 Nxe5 4. Nf3 Qf6 5. Be2 Bc5 6. Nc3 Ne7 7. O-O d6 8.
Nb5 Bb6 9. c3 O-O 10. a4 a6 11. Nbd4 Qg6 12. a5 Ba7 13. Qc2 Bh3 14. Nh4 Qf6 15.
Nhf3 c5 16. Nxe5 cxd4 17. Nf3 Qg6 18. Nh4 Qf6 19. Nf3 d5 20. e5 Qf5 21. Qxf5
Bxf5 22. Nxd4 Bxd4 23. cxd4 Rac8 24. Bg5 Nc6 25. Be3 Nb4 26. Ra4 Nc2 27. Bf3
Bd7 28. Ra2 Bb5 29. Rb1 Bd3 30. Rd1 Bc4 31. b3 Bxb3 32. Rb2 Nxe3 33. Rdb1 Nc4
34. Rxb3 Nd2 35. Rxb7 Nxb1 36. Rxb1 Rb8 37. Ra1 Rb4 38. Bxd5 Rxd4 39. Bb7 Rfd8
40. Bxa6 Rd1+ 41. Rxd1 Rxd1+ 42. Bf1 Rd5 43. a6 Rxe5 44. g3 Kf8 45. Kg2 Ke7 46.
h4 Ra5 47. Kf3 Ra4 48. Be2 Kd6 49. Bf1 Ke5 50. Be2 Kd4 51. Kg2 Kc3 52. f3 Kd2
53. Kf2 f5 54. f4 Kc3 55. Bf1 Kd4 56. Bb5 Ra2+ 57. Kf3 Ra3+ 58. Kf2 Rc3 59. Bf1
g6 60. Bb5 Rb3 61. Bf1 Ra3 62. Bb5 Rc3 63. Bf1 Rb3 64. Be2 Ke4 65. Bf1 Rb2+ 66.
Be2 Ra2 67. Kf1 Ke3 68. Bc4 Ra4 69. Bb5 Ra5 70. Bc4 Kf3 0-1

[Event "Gibraltar Challengers Week 1"]
[Site "Gibraltar"]
[Date "2010.01.27"]
[Round "2.23"]
[White "Kawuma, Steven Male"]
[Black "Hamer, Martyn"]
[Result "1-0"]
[WhiteElo "2187"]
[BlackElo "2039"]
[PlyCount "87"]
[EventDate "2010.01.26"]
[SourceDate "2010.01.26"]

1. e4 e5 2. Nf3 Nf6 3. Nxe5 d6 4. Nf3 Nxe4 5. Nc3 Nxc3 6. dxc3 Be7 7. Be3 Nc6
8. Qd2 Ne5 9. O-O-O Nxf3 10. gxf3 Be6 11. Rg1 Bf6 12. Kb1 a6 13. Bd4 Bxd4 14.
Qxd4 Qf6 15. Rxg7 Qxd4 16. cxd4 Kf8 17. Rg3 Bf5 18. Kc1 Re8 19. Rg5 Bg6 20. Kd2
f6 21. Rg3 Rg8 22. Bc4 Rg7 23. c3 Ree7 24. Rdg1 Bf5 25. a3 Bd7 26. Bd3 Bc8 27.
h4 f5 28. f4 Rxg3 29. fxg3 h5 30. Be2 Rh7 31. Bf3 b6 32. c4 c5 33. dxc5 bxc5
34. b4 cxb4 35. axb4 Kf7 36. Kd3 Kf6 37. Kd4 Bb7 38. Bd5 Bc8 39. b5 axb5 40.
cxb5 Bb7 41. b6 Rd7 42. Ra1 Bxd5 43. Kxd5 Rg7 44. Ra3 1-0

[Event "Gibraltar Challengers Week 1"]
[Site "Gibraltar"]
[Date "2010.01.27"]
[Round "2.24"]
[White "Gandrud, Vegar Koi"]
[Black "Grant, David"]
[Result "1-0"]
[WhiteElo "2158"]
[BlackElo "1913"]
[PlyCount "123"]
[EventDate "2010.01.26"]
[SourceDate "2010.01.26"]

1. d4 Nf6 2. c4 g6 3. Nc3 Bg7 4. e4 d6 5. Nf3 O-O 6. Be2 e5 7. O-O Nc6 8. d5
Ne7 9. Ne1 Nd7 10. Nd3 f5 11. Bd2 a5 12. Rc1 b6 13. a3 fxe4 14. Nxe4 Nf5 15. b4
axb4 16. axb4 Nd4 17. Be3 Nxe2+ 18. Qxe2 Nf6 19. Bg5 Bf5 20. f3 h6 21. Nxf6+
Bxf6 22. Bxh6 Re8 23. g4 Bg5 24. Bxg5 Qxg5 25. Nf2 Kg7 26. Kh1 Bd7 27. Ne4 Qf4
28. Ra1 Ba4 29. Qb2 Bd7 30. Qg2 Rxa1 31. Rxa1 Rf8 32. c5 bxc5 33. bxc5 dxc5 34.
Nxc5 Qd4 35. Qg1 Qxd5 36. Nxd7 Qxd7 37. Qe3 Qd4 38. Re1 Qxe3 39. Rxe3 Kf6 40.
Rc3 Kg5 41. Kg2 Rf7 42. Kg3 Re7 43. Rc6 Kh6 44. h4 Kg7 45. Rc4 Rd7 46. Kf2 Kf6
47. Rc6+ Rd6 48. Rxc7 Ra6 49. g5+ Ke6 50. Rg7 Kd5 51. Rg8 Ra4 52. Kg3 Ra6 53.
h5 gxh5 54. Kh4 Ra4+ 55. Kxh5 Rf4 56. g6 Rxf3 57. g7 Rg3 58. Rd8+ Ke4 59. g8=Q
Rxg8 60. Rxg8 Kf3 61. Kh4 e4 62. Kh3 1-0

[Event "Gibraltar Challengers Week 1"]
[Site "Gibraltar"]
[Date "2010.01.27"]
[Round "2.25"]
[White "Nilsen, Joachim Birger"]
[Black "Sommerhalder, Eric"]
[Result "1-0"]
[WhiteElo "2152"]
[BlackElo "1899"]
[PlyCount "89"]
[EventDate "2010.01.26"]
[SourceDate "2010.01.26"]

1. e4 c5 2. Nf3 d6 3. d4 cxd4 4. Nxd4 Nf6 5. Nc3 g6 6. Be3 Bg7 7. f3 O-O 8. Qd2
Nc6 9. O-O-O d5 10. exd5 Nxd5 11. Nxc6 bxc6 12. Bd4 e5 13. Bc5 Be6 14. Ne4 Re8
15. h4 h6 16. g4 Qc7 17. g5 h5 18. Bc4 Red8 19. Qf2 Rd7 20. Rd2 Rad8 21. Rhd1
Nc3 22. Rxd7 Rxd7 23. Rxd7 Qxd7 24. Nxc3 Bxc4 25. Bxa7 f5 26. gxf6 Bxf6 27. b3
Bf7 28. Ne4 Bxh4 29. Qxh4 Qxa7 30. Qd8+ Kh7 31. Qf6 Bd5 32. Ng5+ Kh6 33. Qxe5
Qg1+ 34. Kb2 h4 35. Nh3 Qa7 36. Qg5+ Kg7 37. Qxh4 Bxf3 38. Ng5 Bh5 39. Qe4 Kh6
40. Ne6 g5 41. Qxc6 g4 42. Qc3 Qf7 43. Qe3+ Kg6 44. Qg5+ Kh7 45. Nf4 1-0

[Event "Gibraltar Challengers Week 1"]
[Site "Gibraltar"]
[Date "2010.01.27"]
[Round "2.26"]
[White "Bryn, Askild"]
[Black "Ungreanu, Sandu"]
[Result "0-1"]
[WhiteElo "2036"]
[BlackElo "2100"]
[PlyCount "114"]
[EventDate "2010.01.26"]
[SourceDate "2010.01.26"]

1. d4 c5 2. d5 e5 3. dxe6 dxe6 4. Qxd8+ Kxd8 5. Bf4 f6 6. Nc3 e5 7. O-O-O+ Bd7
8. Bg3 Ne7 9. e4 Nbc6 10. Bc4 Ng6 11. Be6 Nd4 12. Bxd7 Kxd7 13. Nd5 Kc6 14. c3
Ne6 15. Ne2 Rd8 16. Rd2 c4 17. Rhd1 Bc5 18. b4 cxb3 19. axb3 a5 20. Kb2 b5 21.
b4 axb4 22. cxb4 Ba7 23. Ra1 Kb7 24. Ra5 Nc7 25. Rc2 Nxd5 26. exd5 Rxd5 27. Kb3
Bb6 28. Nc3 Bxa5 29. Nxd5 Bb6 30. Nxb6 Kxb6 31. f3 Nf4 32. Bxf4 exf4 33. Re2
Rc8 34. Re6+ Rc6 35. Re7 Rc7 36. Rxc7 Kxc7 37. Kc3 Kd6 38. Kd4 f5 39. Kd3 Kd5
40. Kc3 g5 41. Kd3 Ke5 42. Kc3 g4 43. h4 Kf6 44. Kd4 Kg6 45. Kc5 Kh5 46. Kxb5
Kxh4 47. Kc4 Kg3 48. b5 Kxg2 49. b6 gxf3 50. b7 f2 51. b8=Q f1=Q+ 52. Kd4 Qa1+
53. Kd3 Qa3+ 54. Kc2 Qa4+ 55. Kd2 Qd4+ 56. Kc2 Qe4+ 57. Kc3 h5 0-1

[Event "Gibraltar Challengers Week 1"]
[Site "Gibraltar"]
[Date "2010.01.27"]
[Round "2.27"]
[White "Wallgren, Ulf"]
[Black "Steinskog, Asbjorn Ottesen"]
[Result "1-0"]
[WhiteElo "2100"]
[BlackElo "1884"]
[PlyCount "75"]
[EventDate "2010.01.26"]
[SourceDate "2010.01.26"]

1. d4 d5 2. Nf3 Nf6 3. e3 e6 4. Bd3 c5 5. c3 Nc6 6. Nbd2 Bd6 7. O-O O-O 8. e4
dxe4 9. Nxe4 Nxe4 10. Bxe4 Qe7 11. Re1 f5 12. Bc2 Qf6 13. d5 exd5 14. Qxd5+ Kh8
15. Bg5 Qg6 16. Rad1 Bc7 17. Qxc5 Be6 18. Bh4 Rac8 19. Bg3 Bb6 20. Qd6 Rfe8 21.
Ne5 Nxe5 22. Bxe5 Rcd8 23. Qb4 Bd5 24. Bg3 Bc6 25. Qf4 Rf8 26. Rxd8 Bxd8 27. h4
Qf7 28. Bb3 Qd7 29. Qd6 Qxd6 30. Bxd6 Re8 31. Rxe8+ Bxe8 32. g3 Bf6 33. Bd5 Bc6
34. Bxc6 bxc6 35. Kf1 Kg8 36. Ke2 Kf7 37. Kd3 Ke6 38. Bc5 1-0

[Event "Gibraltar Challengers Week 1"]
[Site "Gibraltar"]
[Date "2010.01.27"]
[Round "2.28"]
[White "Navarro Perez, Manuel"]
[Black "Indrebo, Kyrre"]
[Result "0-1"]
[WhiteElo "2099"]
[BlackElo "1730"]
[PlyCount "68"]
[EventDate "2010.01.26"]
[SourceDate "2010.01.26"]

1. e4 c5 2. Nc3 Nc6 3. f4 g6 4. Nf3 Bg7 5. Bc4 e6 6. e5 d5 7. exd6 Nh6 8. Ne4
Nf5 9. Nxc5 Qxd6 10. Ne4 Qxf4 11. d3 Qc7 12. c3 O-O 13. Qe2 Na5 14. Bb5 a6 15.
Ba4 b5 16. Bc2 Bb7 17. O-O e5 18. Nfg5 h6 19. Nf3 Bd5 20. Bd2 Rad8 21. Qe1 Nb7
22. Rc1 Ne7 23. b3 f5 24. Ng3 Rde8 25. Kh1 Nd6 26. c4 Bxf3 27. Rxf3 Nc6 28. Ne2
f4 29. cxb5 Nxb5 30. b4 Qd6 31. Bb3+ Kh7 32. Bc4 Ncd4 33. Rf1 f3 34. Ng3 Qd7 {
time} 0-1

[Event "Gibraltar Challengers Week 1"]
[Site "Gibraltar"]
[Date "2010.01.27"]
[Round "2.29"]
[White "Lumsdon, Andrew"]
[Black "Obiamiwe, Paul"]
[Result "1-0"]
[WhiteElo "2090"]
[BlackElo "2046"]
[PlyCount "107"]
[EventDate "2010.01.26"]
[SourceDate "2010.01.26"]

1. d4 Nf6 2. Nf3 g6 3. e3 Bg7 4. b4 d6 5. Bb2 O-O 6. Nbd2 c5 7. dxc5 dxc5 8. b5
Qa5 9. Bd3 Rd8 10. O-O Be6 11. Qb1 Nbd7 12. c4 Qc7 13. h3 Nb6 14. Qc2 Rd7 15.
Rfd1 Rad8 16. Be2 h6 17. a4 Bf5 18. Qb3 Bd3 19. Kf1 Qd6 20. Ne5 Bxe2+ 21. Kxe2
Qe6 22. Nxd7 Rxd7 23. a5 Nc8 24. Nf3 Nd6 25. Rac1 Rd8 26. Ne1 Rc8 27. Nd3 g5
28. Kf1 b6 29. axb6 axb6 30. f3 Nf5 31. Re1 Rd8 32. g4 Nh4 33. Ne5 Ne4 34. fxe4
Bxe5 35. Re2 Bxb2 36. Qxb2 Qxe4 37. Kg1 Qf3 38. Kh2 Qe4 39. Rf1 Qxc4 40. Ref2
f6 41. Qa2 Qxa2 42. Rxa2 Ng6 43. Rff2 Ne5 44. Kg3 Nc4 45. Kf3 Rd3 46. Rfe2 Rb3
47. Rac2 Nd6 48. Rb2 Rc3 49. Rec2 Ra3 50. Ra2 Rb3 51. Rcb2 Rc3 52. Rc2 Rb3 53.
Rab2 Ra3 54. Ke2 {No further moves were recorded} 1-0

[Event "Gibraltar Challengers Week 1"]
[Site "Gibraltar"]
[Date "2010.01.27"]
[Round "2.30"]
[White "Tari, Aryan"]
[Black "Dasaolu, Adeoye"]
[Result "1/2-1/2"]
[WhiteElo "1932"]
[BlackElo "2068"]
[PlyCount "67"]
[EventDate "2010.01.26"]
[SourceDate "2010.01.26"]

1. e4 d5 2. exd5 Qxd5 3. Nc3 Qa5 4. d4 c6 5. Nf3 Nf6 6. Bd3 Bg4 7. O-O e6 8.
Bd2 Qb6 9. Na4 Qd8 10. Be3 Nbd7 11. c4 Be7 12. Nc3 O-O 13. Be2 h6 14. Ne5 Bf5
15. Nxd7 Qxd7 16. Bd3 Bxd3 17. Qxd3 Rfd8 18. Qe2 Qe8 19. Rfc1 b6 20. Qf3 b5 21.
b3 a6 22. h3 Qd7 23. Rab1 Rac8 24. a4 Qc7 25. Bf4 Qa5 26. axb5 axb5 27. Ra1 Qb6
28. c5 Qb7 29. Ra5 Nd5 30. Nxd5 Rxd5 31. Rca1 Qd7 32. Ra7 Qd8 33. Bd6 Bf6 34.
Be5 1/2-1/2

[Event "Gibraltar Challengers Week 1"]
[Site "Gibraltar"]
[Date "2010.01.27"]
[Round "2.31"]
[White "Winkler, Stefan"]
[Black "Jameson, David"]
[Result "0-1"]
[WhiteElo "1916"]
[BlackElo "2053"]
[PlyCount "52"]
[EventDate "2010.01.26"]
[SourceDate "2010.01.26"]

1. e4 c6 2. d4 d5 3. e5 c5 4. dxc5 Nc6 5. Nf3 Bg4 6. Bb5 Qa5+ 7. Nc3 e6 8. Be3
Nge7 9. Qd4 Bxf3 10. gxf3 O-O-O 11. Qa4 d4 12. Bg5 dxc3 13. Qxa5 Nxa5 14. bxc3
Rd5 15. f4 h6 16. Bh4 Nf5 17. Bg3 Rxc5 18. Be8 Rc7 19. Rd1 Ba3 20. Bb5 Rxc3 21.
Bd7+ Kc7 22. Ba4 Rd8 23. O-O Rxd1 24. Rxd1 Nc6 25. Bxc6 bxc6 26. Rd2 h5 0-1

[Event "Gibraltar Challengers Week 1"]
[Site "Gibraltar"]
[Date "2010.01.27"]
[Round "2.32"]
[White "Staples, Daniel J"]
[Black "Flores Chico, Jorge"]
[Result "1-0"]
[WhiteElo "1896"]
[BlackElo "2052"]
[PlyCount "110"]
[EventDate "2010.01.26"]
[SourceDate "2010.01.26"]

1. e4 c5 2. Nf3 e6 3. d3 d5 4. Nbd2 Nf6 5. g3 Nc6 6. Bg2 Be7 7. O-O h5 8. h4 d4
9. e5 Ng4 10. Re1 Qc7 11. Qe2 f6 12. exf6 gxf6 13. Ne4 Bd7 14. c3 O-O-O 15.
cxd4 cxd4 16. Bd2 Kb8 17. Rec1 Qb6 18. a3 Rc8 19. b4 Nce5 20. Bf4 Ka8 21. Bxe5
fxe5 22. Bh3 Qb5 23. Rcb1 Rhf8 24. a4 Qd5 25. Bg2 Rf5 26. a5 Rcf8 27. Nh2 Nxh2
28. Kxh2 Bc6 29. Ra2 Rxf2 30. Qxf2 Rxf2 31. Rxf2 Qb5 32. Nc5 a6 33. Bxc6 Qxc6
34. Rf7 Bxc5 35. bxc5 e4 36. Rb6 Qd5 37. c6 bxc6 38. Rf8+ Ka7 39. Rf7+ Ka8 40.
Rxa6+ Kb8 41. Rb6+ Kc8 42. a6 e5 43. Rf8+ Kd7 44. Rb7+ Ke6 45. a7 Qa2+ 46. Kh3
exd3 47. a8=Q Qxa8 48. Rxa8 d2 49. Ra1 e4 50. Kg2 Kd5 51. Kf2 Kc4 52. Ke2 e3
53. Rba7 c5 54. R7a3 Kb5 55. Rxe3 dxe3 1-0

[Event "Gibraltar Challengers Week 1"]
[Site "Gibraltar"]
[Date "2010.01.27"]
[Round "2.33"]
[White "Horrocks, Stephen J"]
[Black "Byrn, Carsten"]
[Result "1-0"]
[WhiteElo "1992"]
[BlackElo "2171"]
[PlyCount "93"]
[EventDate "2010.01.26"]
[SourceDate "2010.01.26"]

1. d4 Nf6 2. Nf3 g6 3. Bg5 Bg7 4. Nbd2 d5 5. e3 O-O 6. Bd3 c5 7. c3 b6 8. Ne5
Bb7 9. O-O Nc6 10. f4 Nd7 11. Qg4 f5 12. Qh4 Nf6 13. Rf3 e6 14. Rh3 Qc7 15. Bb5
Nxe5 16. fxe5 Ng4 17. Be7 h5 18. Bxf8 Rxf8 19. Be2 Bh6 20. Nf1 Qc8 21. Rf3 cxd4
22. exd4 Qe8 23. h3 g5 24. Qe1 f4 25. hxg4 hxg4 26. Rd3 Ba6 27. Rd2 Bxe2 28.
Qxe2 g3 29. Qg4 Rf5 30. Nxg3 fxg3 31. Qxg3 Qh5 32. Rf2 g4 33. Rxf5 exf5 34. Rf1
Qg5 35. e6 f4 36. e7 Kf7 37. Qe1 Qxe7 38. Qxe7+ Kxe7 39. Re1+ Kd6 40. Re5 f3
41. gxf3 gxf3 42. Kf2 Bc1 43. b3 Bd2 44. c4 dxc4 45. bxc4 Bc3 46. Kxf3 Bxd4 47.
Rd5+ 1-0

[Event "Gibraltar Challengers Week 1"]
[Site "Gibraltar"]
[Date "2010.01.27"]
[Round "2.34"]
[White "Molina, Antonio"]
[Black "Annetts, Ivor S"]
[Result "1-0"]
[WhiteElo "2148"]
[BlackElo "1848"]
[PlyCount "89"]
[EventDate "2010.01.26"]
[SourceDate "2010.01.26"]

1. d4 Nf6 2. c4 g6 3. Nc3 d5 4. Nf3 Bg7 5. Qb3 dxc4 6. Qxc4 O-O 7. e4 Nfd7 8.
Be3 Nb6 9. Qc5 Nc6 10. Rd1 Qd6 11. Nb5 Qxc5 12. dxc5 Nd7 13. Nxc7 Rb8 14. Rd2
Nf6 15. Bd3 e5 16. Bb1 Bg4 17. O-O Rbd8 18. Rfd1 Rxd2 19. Rxd2 Bxf3 20. gxf3
Rd8 21. Rxd8+ Nxd8 22. b4 Kf8 23. a3 Ke7 24. Kf1 Kd7 25. Nd5 Kc6 26. Bg5 Nxd5
27. exd5+ Kd7 28. Ke2 f6 29. Be3 Bf8 30. Ba2 Kc7 31. h4 Bg7 32. b5 Bf8 33. a4
b6 34. d6+ Kd7 35. Bg8 h6 36. Bh7 g5 37. hxg5 hxg5 38. Bf5+ Ne6 39. cxb6 axb6
40. Bxb6 Kxd6 41. Bxe6 Kxe6 42. a5 Kd7 43. a6 Kc8 44. Kd3 f5 45. Kc4 1-0

[Event "Gibraltar Challengers Week 1"]
[Site "Gibraltar"]
[Date "2010.01.27"]
[Round "2.35"]
[White "Aerni, Andreas"]
[Black "Chidi, Lovinia Sylvia"]
[Result "1-0"]
[WhiteElo "2137"]
[BlackElo "1832"]
[PlyCount "79"]
[EventDate "2010.01.26"]
[SourceDate "2010.01.26"]

1. d4 Nf6 2. Bg5 d6 3. Nc3 g6 4. e4 Bg7 5. f4 c6 6. Nf3 O-O 7. Qd2 Qc7 8. Bd3
b5 9. O-O a6 10. f5 e5 11. dxe5 dxe5 12. Bh6 Nbd7 13. Bxg7 Kxg7 14. Nh4 h6 15.
Rae1 g5 16. Nf3 Rh8 17. Ne2 c5 18. c4 Bb7 19. Ng3 bxc4 20. Bxc4 Nb6 21. b3 Nxc4
22. bxc4 Rad8 23. Qc1 g4 24. Nh4 Rd3 25. Re3 Rhd8 26. h3 Qa5 27. hxg4 Rxe3 28.
Qxe3 Qd2 29. Qxc5 Qd4+ 30. Qxd4 Rxd4 31. Nf3 Rxc4 32. Nxe5 Rc2 33. Rb1 Bxe4 34.
Nxe4 Nxe4 35. Rb7 Ng5 36. a4 Ra2 37. Rb4 Ra1+ 38. Kh2 Nh7 39. Nc6 Nf6 40. a5 {
time} 1-0